000
00219nam a2200097Ia 4500
008
120527s9999 xx 000 0 und d
100
_a
KISHORE, VVN
245
_a
Fixed dome Biogas plants
260
_b
TERI
942
_c
BK
999
_c
25200
_d
25200